[Event "Marienbad Open 2016"]
[Site "Marianske Lazne CZE"]
[Date "2016.01.17"]
[Round "2.1"]
[White "Marczuk, Anna"]
[Black "Neckar, Lubomir"]
[Result "1/2-1/2"]
[WhiteElo "1979"]
[BlackElo "2324"]
[PlyCount "48"]
[EventDate "2016.01.16"]
[EventType "swiss"]
[EventRounds "9"]
[EventCountry "CZE"]
[Source "lmi"]
[SourceDate "2016.01.16"]

1. e4 Nf6 2. e5 Nd5 3. d4 d6 4. Nf3 g6 5. c4 Nb6 6. exd6 cxd6 7. h3 Bg7 8. Nc3
O-O 9. Be3 Nc6 10. Rc1 d5 11. c5 Nc4 12. Bxc4 dxc4 13. O-O Bf5 14. Qa4 Bd3 15.
Rfd1 e5 16. dxe5 Nxe5 17. Nxe5 Bxe5 18. b3 Bxc3 19. Rxc3 Qf6 20. Rcc1 Rfe8 21.
bxc4 Be4 22. Rd6 Qe5 23. Qa3 Bc6 24. Qd3 Qe4 1/2-1/2

[Event "Marienbad Open 2016"]
[Site "Marianske Lazne CZE"]
[Date "2016.01.17"]
[Round "2.3"]
[White "Jedrocha, Katarzyna"]
[Black "Marczuk, Dominik"]
[Result "0-1"]
[WhiteElo "1945"]
[BlackElo "2277"]
[PlyCount "66"]
[EventDate "2016.01.16"]
[EventType "swiss"]
[EventRounds "9"]
[EventCountry "CZE"]
[Source "lmi"]
[SourceDate "2016.01.16"]

1. d4 Nf6 2. Nc3 c5 3. d5 g6 4. e4 d6 5. f4 Bg7 6. Nf3 O-O 7. Bc4 Nbd7 8. a4
Nb6 9. Be2 Rb8 10. O-O Na8 11. h3 Nc7 12. Qe1 e6 13. dxe6 Nxe6 14. Bc4 Nd4 15.
Qf2 Nxe4 16. Nxe4 d5 17. Bd3 dxe4 18. Bxe4 b6 19. Kh1 Ba6 20. Rd1 Re8 21. Bd3
Bxd3 22. Rxd3 Re2 23. Qf1 Rxc2 24. Qd1 Qc7 25. Be3 Rxb2 26. Nxd4 cxd4 27. Bxd4
Bxd4 28. Rxd4 Rc2 29. Rd7 Qc6 30. Rd2 Rc4 31. Rd4 Re8 32. Qd2 Rc2 33. Rd6 Qe4
0-1

[Event "Marienbad Open 2016"]
[Site "Marianske Lazne CZE"]
[Date "2016.01.17"]
[Round "2.5"]
[White "Hoke, Petr"]
[Black "Stigar, Petter"]
[Result "1/2-1/2"]
[WhiteElo "1931"]
[BlackElo "2254"]
[PlyCount "40"]
[EventDate "2016.01.16"]
[EventType "swiss"]
[EventRounds "9"]
[EventCountry "CZE"]
[Source "lmi"]
[SourceDate "2016.01.16"]

1. e4 c5 2. d3 Nc6 3. c3 g6 4. Be3 d6 5. g3 Bg7 6. Bg2 e5 7. Nf3 Nge7 8. Qd2
O-O 9. Bh6 f5 10. Bxg7 Kxg7 11. exf5 Nxf5 12. O-O h6 13. Na3 Be6 14. Nc2 Qf6
15. Qe2 Rae8 16. Ne3 Nxe3 17. fxe3 Qe7 18. a3 Bg4 19. h3 Bd7 20. Nd2 Rxf1+
1/2-1/2

[Event "Marienbad Open 2016"]
[Site "Marianske Lazne CZE"]
[Date "2016.01.17"]
[Round "2.8"]
[White "Klausen, Kris"]
[Black "Golcman, Evgeny"]
[Result "0-1"]
[WhiteElo "1891"]
[BlackElo "2221"]
[PlyCount "52"]
[EventDate "2016.01.16"]
[EventType "swiss"]
[EventRounds "9"]
[EventCountry "CZE"]
[Source "lmi"]
[SourceDate "2016.01.16"]

1. d4 c5 2. Nf3 Nf6 3. c4 Qc7 4. b3 e6 5. g3 d5 6. Nbd2 Nc6 7. dxc5 Bxc5 8.
cxd5 Bxf2+ 9. Kxf2 Ng4+ 10. Ke1 Ne3 11. d6 Qxd6 12. Ba3 Qxa3 13. Qc1 Qa5 14. a3
Bd7 15. Qb2 O-O 16. Rc1 Rac8 17. b4 Qd8 18. Nc4 Nxc4 19. Rxc4 e5 20. h4 Nd4 21.
Nxe5 Rxc4 22. Nxc4 Bc6 23. Rg1 Re8 24. Nd2 Bf3 25. Kf2 Bxe2 26. Bg2 Qf6+ 0-1

[Event "Marienbad Open 2016"]
[Site "Marianske Lazne CZE"]
[Date "2016.01.17"]
[Round "2.11"]
[White "Dovzhenko, Viktor"]
[Black "Kassel, Walter"]
[Result "1-0"]
[WhiteElo "2194"]
[BlackElo "1905"]
[PlyCount "47"]
[EventDate "2016.01.16"]
[EventType "swiss"]
[EventRounds "9"]
[EventCountry "CZE"]
[Source "lmi"]
[SourceDate "2016.01.16"]

1. e4 c5 2. Nf3 d6 3. d4 cxd4 4. Nxd4 Nf6 5. Nc3 a6 6. h3 e6 7. g4 h6 8. Bg2
Nc6 9. Be3 Be7 10. Qe2 Qc7 11. O-O-O Bd7 12. f4 O-O-O 13. Qf2 Rdf8 14. Rhe1
Nxd4 15. Bxd4 Bc6 16. Bb6 Qb8 17. e5 Nd7 18. Bxc6 bxc6 19. Ba7 Qc7 20. exd6
Bxd6 21. Rxd6 Qxd6 22. Rd1 Qc7 23. Ne4 Kb7 24. Rxd7 1-0

[Event "Marienbad Open 2016"]
[Site "Marianske Lazne CZE"]
[Date "2016.01.17"]
[Round "2.13"]
[White "Bartos, Jan"]
[Black "Sadzikowski, Marian"]
[Result "1-0"]
[WhiteElo "2176"]
[BlackElo "1828"]
[PlyCount "46"]
[EventDate "2016.01.16"]
[EventType "swiss"]
[EventRounds "9"]
[EventCountry "CZE"]
[Source "lmi"]
[SourceDate "2016.01.16"]

1. d4 b6 2. e4 Bb7 3. Bd3 e6 4. Nc3 Ba6 5. Nge2 Bxd3 6. Qxd3 Be7 7. O-O d6 8.
f4 Nf6 9. e5 Nfd7 10. f5 exf5 11. Qxf5 O-O 12. Bf4 Nc6 13. Rad1 Qc8 14. Nd5 Qd8
15. Ne3 f6 16. Qe6+ Rf7 17. Nf5 Bf8 18. exd6 Nce5 19. dxe5 Nc5 20. Ne7+ Bxe7
21. dxe7 Qe8 22. Qc4 Kh8 23. e6 Rxe7 1-0

[Event "Marienbad Open 2016"]
[Site "Marianske Lazne CZE"]
[Date "2016.01.17"]
[Round "2.15"]
[White "Schulz, Michael"]
[Black "Panos, Jan"]
[Result "1-0"]
[WhiteElo "2158"]
[BlackElo "1819"]
[PlyCount "47"]
[EventDate "2016.01.16"]
[EventType "swiss"]
[EventRounds "9"]
[EventCountry "CZE"]
[Source "lmi"]
[SourceDate "2016.01.16"]

1. d4 d5 2. c4 c6 3. Nf3 Nf6 4. Nc3 e6 5. e3 a6 6. Bd3 Nbd7 7. O-O Bd6 8. e4
Nxe4 9. Nxe4 dxe4 10. Bxe4 Nf6 11. Bc2 h6 12. b3 O-O 13. Bb2 Re8 14. Qd3 b6 15.
Rad1 a5 16. Ne5 Bb7 17. f4 c5 18. Qe3 Qc7 19. dxc5 bxc5 20. Qg3 Be4 21. Nd7 Bg6
22. Nxf6+ gxf6 23. Bxg6 Kf8 24. Be4 1-0

[Event "Marienbad Open 2016"]
[Site "Marianske Lazne CZE"]
[Date "2016.01.17"]
[Round "2.16"]
[White "Dolezal, Rudolf"]
[Black "Kozak, Milos"]
[Result "0-1"]
[WhiteElo "1787"]
[BlackElo "2136"]
[PlyCount "68"]
[EventDate "2016.01.16"]
[EventType "swiss"]
[EventRounds "9"]
[EventCountry "CZE"]
[Source "lmi"]
[SourceDate "2016.01.16"]

1. e4 e5 2. Nf3 Nc6 3. d4 exd4 4. Nxd4 Nf6 5. Nxc6 bxc6 6. Nc3 d5 7. exd5 cxd5
8. Bb5+ Bd7 9. O-O c6 10. Re1+ Be7 11. Bd3 O-O 12. Bg5 Re8 13. h3 Rb8 14. Rb1
Be6 15. Qf3 Bd6 16. Ne2 h6 17. Bxf6 Qxf6 18. Qxf6 gxf6 19. Nd4 c5 20. Nf3 c4
21. Bf1 Bc5 22. g4 Rb6 23. a3 Reb8 24. Nh4 Rxb2 25. Rxb2 Rxb2 26. Re2 Bxa3 27.
f4 Bc5+ 28. Kg2 a5 29. f5 Bd7 30. Rd2 a4 31. Nf3 Bc6 32. h4 a3 33. g5 a2 34.
gxf6 a1=Q 0-1

[Event "Marienbad Open 2016"]
[Site "Marianske Lazne CZE"]
[Date "2016.01.17"]
[Round "2.17"]
[White "Ilandzis, Spyridon"]
[Black "Ruzicka, Tomas"]
[Result "1-0"]
[WhiteElo "2136"]
[BlackElo "1811"]
[PlyCount "95"]
[EventDate "2016.01.16"]
[EventType "swiss"]
[EventRounds "9"]
[EventCountry "CZE"]
[Source "lmi"]
[SourceDate "2016.01.16"]

1. e4 e5 2. Nf3 d6 3. d4 exd4 4. Nxd4 Nf6 5. Nc3 Be7 6. Bc4 O-O 7. O-O a6 8. a4
Bd7 9. f4 c5 10. Nf3 Nc6 11. e5 dxe5 12. fxe5 Ne8 13. Nd5 Nc7 14. Nb6 Bg4 15.
Nxa8 Qxa8 16. Bf4 Nd4 17. c3 Nde6 18. Bg3 Ng5 19. Be2 Ne4 20. Bh4 g5 21. Bxg5
Bxg5 22. Nxg5 Bxe2 23. Qxe2 Nxg5 24. Qg4 Nce6 25. h4 h6 26. Rad1 Kh7 27. hxg5
Nxg5 28. Rd6 Rg8 29. Rxh6+ Kxh6 30. Qh4+ Kg7 31. Qxg5+ Kf8 32. Qh6+ Rg7 33. e6
Kg8 34. exf7+ Rxf7 35. Qg6+ Rg7 36. Qe6+ Kh8 37. Rf5 Qg8 38. Qf6 Qh7 39. a5 c4
40. Qd8+ Qg8 41. Rf8 Rxg2+ 42. Kf1 Rg1+ 43. Ke2 Rg2+ 44. Kd1 Kh7 45. Qh4+ Kg7
46. Rxg8+ Kxg8 47. Qxc4+ Kf8 48. Qc8+ 1-0

[Event "Marienbad Open 2016"]
[Site "Marianske Lazne CZE"]
[Date "2016.01.17"]
[Round "2.32"]
[White "Yudin, Mikhail"]
[Black "Jesensky, Jaromir"]
[Result "1-0"]
[WhiteElo "1423"]
[BlackElo "1507"]
[PlyCount "41"]
[EventDate "2016.01.16"]
[EventType "swiss"]
[EventRounds "9"]
[EventCountry "CZE"]
[Source "lmi"]
[SourceDate "2016.01.16"]

1. e4 d5 2. exd5 Qxd5 3. Nc3 Qd6 4. d4 Nf6 5. Bd3 a6 6. Nge2 b5 7. Bf4 Qb6 8.
O-O Bb7 9. f3 e6 10. a4 Nd5 11. Nxd5 Bxd5 12. axb5 axb5 13. Rxa8 Bxa8 14. Qa1
Bb7 15. b3 c5 16. Bxb8 Bxf3 17. Qa7 Qxa7 18. Bxa7 Bxe2 19. Bxe2 cxd4 20. Bxb5+
Kd8 21. Bxd4 1-0

[Event "Marienbad Open 2016"]
[Site "Marianske Lazne CZE"]
[Date "2016.01.17"]
[Round "2.42"]
[White "Dolharz, Jakub"]
[Black "Strukova, Ksenia"]
[Result "0-1"]
[WhiteElo "1388"]
[BlackElo "1707"]
[PlyCount "56"]
[EventDate "2016.01.16"]
[EventType "swiss"]
[EventRounds "9"]
[EventCountry "CZE"]
[Source "lmi"]
[SourceDate "2016.01.16"]

1. e4 c5 2. Nc3 Nc6 3. g3 g6 4. Bg2 Bg7 5. Nge2 e6 6. d3 Nge7 7. Be3 d6 8. Qd2
O-O 9. Bh6 f5 10. h4 fxe4 11. dxe4 Ne5 12. h5 Rf7 13. hxg6 N7xg6 14. Bxg7 Rxg7
15. Nb5 a6 16. Qxd6 Qa5+ 17. Nbc3 Nc4 18. Qd3 Nge5 19. Qd1 Nxb2 20. Qd2 Nec4
21. Qh6 Na4 22. Qf4 Bd7 23. Bh3 Re8 24. Rd1 Bc8 25. O-O Rg6 26. Qf3 Rf8 27. Qd3
Nab2 28. Bxe6+ Bxe6 0-1

[Event "Marienbad Open 2016"]
[Site "Marianske Lazne CZE"]
[Date "2016.01.17"]
[Round "2.43"]
[White "Macho, Miloslav"]
[Black "Izadian, Bizhan"]
[Result "1/2-1/2"]
[WhiteElo "1691"]
[BlackElo "1445"]
[PlyCount "81"]
[EventDate "2016.01.16"]
[EventType "swiss"]
[EventRounds "9"]
[EventCountry "CZE"]
[Source "lmi"]
[SourceDate "2016.01.16"]

1. e4 c5 2. Nc3 d6 3. g3 Nc6 4. Bg2 g6 5. Nge2 Nf6 6. d4 cxd4 7. Nxd4 Nxd4 8.
Qxd4 e5 9. Qd3 a6 10. O-O Bg4 11. Bg5 Be7 12. Bh6 Qd7 13. Bg7 Rg8 14. Bxf6 Bxf6
15. Nd5 Qd8 16. Nxf6+ Qxf6 17. f3 Bd7 18. Rfd1 Ke7 19. f4 Rgd8 20. Qa3 Bc6 21.
Rf1 Rac8 22. Bh3 Bd7 23. Bxd7 Rxd7 24. c3 Rc4 25. Rae1 Ke8 26. Qb3 Rdc7 27. Qb6
Qe6 28. Qe3 f5 29. exf5 gxf5 30. fxe5 Re4 31. Qf2 Rxe1 32. Rxe1 dxe5 33. Rf1
Rf7 34. b3 e4 35. Qe3 Qe5 36. Qd4 Qxd4+ 37. cxd4 Rd7 38. Kf2 f4 39. Ke2 f3+ 40.
Ke3 Re7 41. Rc1 1/2-1/2

[Event "Marienbad Open 2016"]
[Site "Marianske Lazne CZE"]
[Date "2016.01.18"]
[Round "3.2"]
[White "Marczuk, Dominik"]
[Black "Ilandzis, Spyridon"]
[Result "0-1"]
[WhiteElo "2277"]
[BlackElo "2136"]
[PlyCount "50"]
[EventDate "2016.01.16"]
[EventType "swiss"]
[EventRounds "9"]
[EventCountry "CZE"]
[Source "lmi"]
[SourceDate "2016.01.16"]

1. e4 d5 2. exd5 Qxd5 3. Nc3 Qa5 4. d4 Nf6 5. Bc4 Bg4 6. f3 Bf5 7. Nge2 e6 8.
g4 Bg6 9. h4 h6 10. Nf4 Bh7 11. Bd2 Qb6 12. Qe2 Nc6 13. Na4 Qxd4 14. O-O-O
O-O-O 15. Nxe6 fxe6 16. Bg5 hxg5 17. Qxe6+ Kb8 18. Rxd4 Nxd4 19. Qe3 Bxc2 20.
Nc3 gxh4 21. g5 Bc5 22. Qe5 Nd7 23. Qxg7 Nb6 24. Bf7 Bf5 25. Qf6 Nb3+ 0-1

[Event "Marienbad Open 2016"]
[Site "Marianske Lazne CZE"]
[Date "2016.01.18"]
[Round "3.4"]
[White "Golcman, Evgeny"]
[Black "Janska, Jitka"]
[Result "1/2-1/2"]
[WhiteElo "2221"]
[BlackElo "2066"]
[PlyCount "84"]
[EventDate "2016.01.16"]
[EventType "swiss"]
[EventRounds "9"]
[EventCountry "CZE"]
[Source "lmi"]
[SourceDate "2016.01.16"]

1. c4 Nf6 2. Nc3 e6 3. e4 c5 4. Nf3 Nc6 5. d4 cxd4 6. Nxd4 Bb4 7. Nxc6 bxc6 8.
Bd3 e5 9. Qc2 O-O 10. O-O d5 11. cxd5 Bxc3 12. Qxc3 cxd5 13. Qxe5 Re8 14. Qd4
dxe4 15. Qxd8 Rxd8 16. Bc4 Bb7 17. Be3 Nd5 18. Rad1 Rac8 19. Bb3 a6 20. Rd4 Ne7
21. Rfd1 Rxd4 22. Rxd4 Kf8 23. Rd7 Bc6 24. Ra7 Bd5 25. Rxe7 Bxb3 26. Rxe4 Bxa2
27. h4 f6 28. Rb4 Bd5 29. Rb6 Rc6 30. Rb8+ Kf7 31. Rb7+ Kg8 32. Rd7 Be6 33. Ra7
Bc4 34. b4 Re6 35. Bc5 Re5 36. Ra8+ Kf7 37. Ra7+ Kg8 38. Kh2 Bb5 39. g4 Rd5 40.
Ra8+ Kf7 41. h5 f5 42. Ra7+ Rd7 1/2-1/2

[Event "Marienbad Open 2016"]
[Site "Marianske Lazne CZE"]
[Date "2016.01.18"]
[Round "3.11"]
[White "Neckar, Lubomir"]
[Black "Hoke, Petr"]
[Result "1-0"]
[WhiteElo "2324"]
[BlackElo "1931"]
[PlyCount "69"]
[EventDate "2016.01.16"]
[EventType "swiss"]
[EventRounds "9"]
[EventCountry "CZE"]
[Source "lmi"]
[SourceDate "2016.01.16"]

1. Nf3 d6 2. d4 Nd7 3. c4 e5 4. Nc3 c6 5. g3 Ngf6 6. e4 Be7 7. Bg2 O-O 8. O-O
Qc7 9. h3 Re8 10. Be3 Bf8 11. Re1 g6 12. Rc1 b6 13. b4 Bb7 14. a3 a6 15. Qc2 h6
16. Nd2 exd4 17. Bxd4 c5 18. Nd5 Nxd5 19. cxd5 Bg7 20. Bxg7 Kxg7 21. f4 Qd8 22.
Qc3+ f6 23. Nc4 Qc7 24. e5 fxe5 25. fxe5 Nxe5 26. Nxe5 Rxe5 27. Rxe5 dxe5 28.
d6 Qd7 29. Qxe5+ Kh7 30. Bxb7 Qxb7 31. bxc5 bxc5 32. Qxc5 Qd7 33. Qc7 Qg7 34.
Rd1 Ra7 35. Qxg7+ 1-0

[Event "Marienbad Open 2016"]
[Site "Marianske Lazne CZE"]
[Date "2016.01.18"]
[Round "3.12"]
[White "Stigar, Petter"]
[Black "Marczuk, Anna"]
[Result "1-0"]
[WhiteElo "2254"]
[BlackElo "1979"]
[PlyCount "89"]
[EventDate "2016.01.16"]
[EventType "swiss"]
[EventRounds "9"]
[EventCountry "CZE"]
[Source "lmi"]
[SourceDate "2016.01.16"]

1. d4 f5 2. Nf3 Nf6 3. g3 g6 4. Bg2 Bg7 5. O-O O-O 6. c4 d6 7. Nc3 e6 8. Re1
Ne4 9. Qc2 Nxc3 10. bxc3 e5 11. dxe5 dxe5 12. Ba3 Re8 13. e4 Nc6 14. exf5 Bxf5
15. Qb3 Rb8 16. Rad1 Qf6 17. Nd2 Bf8 18. Ne4 Bxe4 19. Bxe4 Bxa3 20. Qxa3 Rf8
21. Qc5 Rbd8 22. Bd5+ Kg7 23. Bxc6 bxc6 24. Rxd8 Rxd8 25. Qxe5 Qxe5 26. Rxe5
Rd3 27. Re7+ Kg8 28. Rxc7 Rxc3 29. Rxa7 Rxc4 30. a4 c5 31. Kf1 Rc2 32. Ke1 Ra2
33. a5 c4 34. a6 c3 35. Kd1 h5 36. h3 Kh8 37. f4 Kg8 38. g4 hxg4 39. hxg4 Kf8
40. f5 gxf5 41. gxf5 Kg8 42. Kc1 c2 43. f6 Kf8 44. Ra8+ Kf7 45. a7 1-0

[Event "Marienbad Open 2016"]
[Site "Marianske Lazne CZE"]
[Date "2016.01.18"]
[Round "3.18"]
[White "Grove, Michael"]
[Black "Yudin, Mikhail"]
[Result "1-0"]
[WhiteElo "2056"]
[BlackElo "1423"]
[PlyCount "49"]
[EventDate "2016.01.16"]
[EventType "swiss"]
[EventRounds "9"]
[EventCountry "CZE"]
[Source "lmi"]
[SourceDate "2016.01.16"]

1. e4 c5 2. Nc3 Nc6 3. Bb5 g6 4. f4 Bg7 5. Nf3 d6 6. Bxc6+ bxc6 7. O-O d5 8. d3
e6 9. Qe1 Ba6 10. f5 Qe7 11. fxe6 fxe6 12. exd5 cxd5 13. Nxd5 exd5 14. Qa5 Qd6
15. Qa4+ Kf8 16. Ne5+ Nf6 17. Bf4 Qb6 18. Nd7+ Nxd7 19. Bc7+ Nf6 20. Bxb6 axb6
21. Qc6 Re8 22. Rxf6+ Bxf6 23. Qxf6+ Kg8 24. Re1 h6 25. Qf7+ 1-0

[Event "Marienbad Open 2016"]
[Site "Marianske Lazne CZE"]
[Date "2016.01.18"]
[Round "3.22"]
[White "Danko, Jiri"]
[Black "Pucholt, Martin"]
[Result "1-0"]
[WhiteElo "1996"]
[BlackElo "1640"]
[PlyCount "57"]
[EventDate "2016.01.16"]
[EventType "swiss"]
[EventRounds "9"]
[EventCountry "CZE"]
[Source "lmi"]
[SourceDate "2016.01.16"]

1. e4 c5 2. Nf3 Nc6 3. d4 cxd4 4. Nxd4 d6 5. Nc3 a6 6. Be3 Nf6 7. f3 e6 8. Qd2
Be7 9. O-O-O Qc7 10. g4 h5 11. g5 Nh7 12. f4 g6 13. Rg1 e5 14. Nde2 exf4 15.
Nxf4 Bg4 16. Nfd5 Qd8 17. Nxe7 Qxe7 18. Nd5 Qxe4 19. Nc7+ Kf8 20. Nxa8 Bxd1 21.
Kxd1 Kg7 22. Nb6 Re8 23. Nd5 Re5 24. Bg2 Qg4+ 25. Kc1 Qa4 26. Nc3 Qa5 27. Bxc6
bxc6 28. Bd4 f6 29. Bxe5 1-0

[Event "Marienbad Open 2016"]
[Site "Marianske Lazne CZE"]
[Date "2016.01.18"]
[Round "3.23"]
[White "Vacha, Jaroslav"]
[Black "Haslinger, Ewald"]
[Result "1-0"]
[WhiteElo "1981"]
[BlackElo "1630"]
[PlyCount "43"]
[EventDate "2016.01.16"]
[EventType "swiss"]
[EventRounds "9"]
[EventCountry "CZE"]
[Source "lmi"]
[SourceDate "2016.01.16"]

1. e4 e5 2. Nf3 Nc6 3. d4 exd4 4. c3 dxc3 5. Nxc3 d6 6. Bc4 Be6 7. Bxe6 fxe6 8.
Be3 Nf6 9. Qb3 Qd7 10. O-O-O O-O-O 11. h3 e5 12. Qa4 Qe8 13. Bxa7 b6 14. Qa6+
Kd7 15. Bxb6 Ra8 16. Qb7 Qd8 17. Be3 Rb8 18. Qa6 h6 19. Qc4 Rb4 20. Nxe5+ Kc8
21. Qa6+ Kb8 22. Nxc6# 1-0

[Event "Marienbad Open 2016"]
[Site "Marianske Lazne CZE"]
[Date "2016.01.18"]
[Round "3.29"]
[White "Musial, Tomasz"]
[Black "Klausen, Kris"]
[Result "1-0"]
[WhiteElo "1689"]
[BlackElo "1891"]
[PlyCount "34"]
[EventDate "2016.01.16"]
[EventType "swiss"]
[EventRounds "9"]
[EventCountry "CZE"]
[Source "lmi"]
[SourceDate "2016.01.16"]

1. e4 c6 2. d4 g6 3. Nc3 Bg7 4. Nf3 Qb6 5. Bc4 d6 6. h3 Nf6 7. e5 dxe5 8. dxe5
Ng8 9. Be3 Qc7 10. Bf4 e6 11. Ne4 Nd7 12. Nd6+ Kf8 13. Qd2 h6 14. O-O-O Ne7 15.
Nxc8 Nd5 16. Bxd5 Rxc8 17. Bxe6 Bxe5 1-0

[Event "Marienbad Open 2016"]
[Site "Marianske Lazne CZE"]
[Date "2016.01.18"]
[Round "3.29"]
[White "Musil, Vitezslav"]
[Black "Kral, Ladislav"]
[Result "1-0"]
[WhiteElo "1939"]
[BlackElo "1623"]
[PlyCount "57"]
[EventDate "2016.01.16"]
[EventType "swiss"]
[EventRounds "9"]
[EventCountry "CZE"]
[Source "lmi"]
[SourceDate "2016.01.16"]

1. e4 e6 2. d4 d5 3. Nc3 Nf6 4. Bg5 dxe4 5. Nxe4 Be7 6. Bxf6 Bxf6 7. Nxf6+ Qxf6
8. Nf3 c5 9. Bd3 cxd4 10. Nxd4 Qe5+ 11. Kf1 Bd7 12. c3 Nc6 13. Nf3 Qf6 14. Qc2
h6 15. Re1 O-O 16. Re3 Rad8 17. h3 Bc8 18. Kg1 Rd6 19. Kh2 Rfd8 20. Rhe1 b6 21.
Kg1 Bb7 22. Be4 Qe7 23. Bxc6 Bxc6 24. Nd4 Bb7 25. Rg3 Qd7 26. Qe2 Rd5 27. Qe3
Kf8 28. Qf4 Qd6 29. Nxe6+ 1-0

[Event "Marienbad Open 2016"]
[Site "Marianske Lazne CZE"]
[Date "2016.01.18"]
[Round "3.33"]
[White "Panos, Jan"]
[Black "Maresova, Michaela"]
[Result "1-0"]
[WhiteElo "1819"]
[BlackElo "1494"]
[PlyCount "77"]
[EventDate "2016.01.16"]
[EventType "swiss"]
[EventRounds "9"]
[EventCountry "CZE"]
[Source "lmi"]
[SourceDate "2016.01.16"]

1. d4 d5 2. e3 Nf6 3. c4 e6 4. Nc3 Nbd7 5. Qc2 c6 6. c5 Be7 7. Bd3 b6 8. b4
bxc5 9. bxc5 e5 10. f3 O-O 11. Nge2 Re8 12. O-O Rb8 13. Bb2 Nf8 14. dxe5 N6d7
15. Na4 Nxc5 16. Nxc5 Bxc5 17. Bd4 Bxd4 18. exd4 Bd7 19. f4 Qb6 20. Rab1 Qc7
21. f5 Rxb1 22. Rxb1 Rb8 23. Rc1 h6 24. Nf4 Qa5 25. Qe2 Re8 26. Qg4 g5 27. Nh5
Nh7 28. h4 Qxa2 29. hxg5 hxg5 30. Nf6+ Nxf6 31. Qxg5+ Kh7 32. Qxf6 Rg8 33.
Qxf7+ Kh8 34. Qf6+ Kh7 35. Qf7+ Kh8 36. Qh5+ Kg7 37. f6+ Kf8 38. Qh6+ Kf7 39.
Qh7+ 1-0

[Event "Marienbad Open 2016"]
[Site "Marianske Lazne CZE"]
[Date "2016.01.18"]
[Round "3.37"]
[White "Rychtecky, Pavel"]
[Black "Dolezal, Rudolf"]
[Result "0-1"]
[WhiteElo "1619"]
[BlackElo "1787"]
[PlyCount "88"]
[EventDate "2016.01.16"]
[EventType "swiss"]
[EventRounds "9"]
[EventCountry "CZE"]
[Source "lmi"]
[SourceDate "2016.01.16"]

1. e4 e6 2. d4 c6 3. Be3 d5 4. Nc3 Bb4 5. Bd3 dxe4 6. Bxe4 Nf6 7. Bg5 h6 8.
Bxf6 Qxf6 9. Nf3 Nd7 10. O-O O-O 11. Qd3 Rd8 12. Rad1 c5 13. dxc5 Bxc5 14. Na4
Be7 15. Qb3 Rb8 16. c4 b6 17. Qc2 Ba6 18. b3 Nc5 19. Nxc5 Bxc5 20. Rxd8+ Rxd8
21. Rd1 Rxd1+ 22. Qxd1 g5 23. h3 b5 24. cxb5 Bxb5 25. a4 Ba6 26. g4 Qb2 27. Qc2
Qa1+ 28. Qb1 Qc3 29. Qc2 Qa1+ 30. Qb1 Qf6 31. Qc1 Bb6 32. Qc2 Qf4 33. Kg2 h5
34. gxh5 g4 35. hxg4 Qxg4+ 36. Kh1 Qxh5+ 37. Nh2 Qe5 38. Kg2 Bc7 39. Nf3 Qg7+
40. Kh1 Qh6+ 41. Kg2 Qf4 42. Bh7+ Kg7 43. Be4 Qg4+ 44. Kh1 Qh3+ 0-1

[Event "Marienbad Open 2016"]
[Site "Marianske Lazne CZE"]
[Date "2016.01.18"]
[Round "3.39"]
[White "Von Keyserlingk, Chanda"]
[Black "Wilk, Igor"]
[Result "1-0"]
[WhiteElo "1760"]
[BlackElo "1055"]
[PlyCount "73"]
[EventDate "2016.01.16"]
[EventType "swiss"]
[EventRounds "9"]
[EventCountry "CZE"]
[Source "lmi"]
[SourceDate "2016.01.16"]

1. d4 Nf6 2. c4 e5 3. dxe5 Ng4 4. Nf3 Bc5 5. e3 Nc6 6. Nc3 Ngxe5 7. Nxe5 Nxe5
8. Be2 O-O 9. O-O d6 10. Kh1 Be6 11. b3 Qd7 12. Ne4 Bb6 13. Ng5 h6 14. Nxe6
Qxe6 15. Bb2 c6 16. Qc2 Qg6 17. Qxg6 Nxg6 18. Rad1 Bc5 19. Bc3 a5 20. Bd3 Ba3
21. f4 Bc5 22. e4 Ne7 23. Rf3 f5 24. Rg3 Rf7 25. exf5 Kh8 26. f6 gxf6 27. Rf1
b6 28. Rh3 Ng8 29. Rff3 Rg7 30. Rh5 Raa7 31. Be4 Rac7 32. g3 Rg4 33. Bf5 Rgg7
34. Be6 Rg6 35. Bxg8 Kxg8 36. f5 Rgg7 37. Rxh6 1-0

[Event "Marienbad Open 2016"]
[Site "Marianske Lazne CZE"]
[Date "2016.01.19"]
[Round "4.3"]
[White "Ilandzis, Spyridon"]
[Black "Piotrowski, Przemyslaw"]
[Result "1/2-1/2"]
[WhiteElo "2136"]
[BlackElo "2185"]
[PlyCount "52"]
[EventDate "2016.01.16"]
[EventType "swiss"]
[EventRounds "9"]
[EventCountry "CZE"]
[Source "lmi"]
[SourceDate "2016.01.16"]

1. b3 Nf6 2. Bb2 g6 3. Bxf6 exf6 4. c4 Bg7 5. Nc3 O-O 6. g3 d6 7. Bg2 c6 8. e3
Nd7 9. Nge2 f5 10. O-O Re8 11. b4 Nf6 12. d3 d5 13. cxd5 Nxd5 14. Bxd5 cxd5 15.
d4 g5 16. Qb3 Be6 17. Rac1 Rc8 18. Nb5 Qb6 19. Rxc8 Rxc8 20. Nbc3 Rc4 21. a3
Bf8 22. Na4 Qc7 23. Nc5 b6 24. Nd3 Bd6 25. f4 g4 26. Qb1 f6 1/2-1/2

[Event "Marienbad Open 2016"]
[Site "Marianske Lazne CZE"]
[Date "2016.01.19"]
[Round "4.8"]
[White "Janska, Jitka"]
[Black "Srienz, Christian"]
[Result "1-0"]
[WhiteElo "2066"]
[BlackElo "2239"]
[PlyCount "60"]
[EventDate "2016.01.16"]
[EventType "swiss"]
[EventRounds "9"]
[EventCountry "CZE"]
[Source "lmi"]
[SourceDate "2016.01.16"]

1. e4 c5 2. Nc3 Nc6 3. Bb5 Nd4 4. Bc4 Nf6 5. e5 d5 6. Bb3 Nxb3 7. axb3 Ne4 8.
Qe2 Nxc3 9. bxc3 Qb6 10. Nf3 Bd7 11. O-O a6 12. Rd1 Rc8 13. c4 dxc4 14. Qxc4
Bb5 15. Qg4 Bd7 16. Qc4 Qb4 17. Qe2 Qg4 18. d4 e6 19. c4 Be7 20. h3 Qh5 21. Qe4
O-O 22. Qxb7 Bc6 23. Qxe7 Bxf3 24. gxf3 Qxf3 25. Be3 Qxh3 26. Qg5 f6 27. Qg2
Qh5 28. dxc5 Rc7 29. c6 Qe8 30. Bc5 Rff7 1-0

[Event "Marienbad Open 2016"]
[Site "Marianske Lazne CZE"]
[Date "2016.01.19"]
[Round "4.9"]
[White "Grove, Michael"]
[Black "Golcman, Evgeny"]
[Result "1/2-1/2"]
[WhiteElo "2056"]
[BlackElo "2221"]
[PlyCount "69"]
[EventDate "2016.01.16"]
[EventType "swiss"]
[EventRounds "9"]
[EventCountry "CZE"]
[Source "lmi"]
[SourceDate "2016.01.16"]

1. e4 e5 2. Nf3 Nc6 3. d4 exd4 4. Nxd4 Nf6 5. Nxc6 bxc6 6. Bd3 d5 7. Nc3 Bb4 8.
O-O Bxc3 9. bxc3 dxe4 10. Qe2 O-O 11. Bxe4 Re8 12. Bg5 Bf5 13. f3 Qe7 14. Qc4
Bxe4 15. Bxf6 Bd5 16. Bxe7 Bxc4 17. Rfe1 a6 18. a4 Be6 19. Bh4 Rab8 20. Rab1
Bf5 21. Rxe8+ Rxe8 22. Rb2 f6 23. Kf2 Re5 24. g4 Bg6 25. f4 Re4 26. Rb4 Rxb4
27. cxb4 Bxc2 28. a5 Kf7 29. f5 h5 30. h3 hxg4 31. hxg4 Bd1 32. Kg3 Ke7 33. g5
Bc2 34. Kf4 Bd3 35. Bf2 1/2-1/2